[Event "Torneo de Navidad Base y Senior - Casino Primitivo"]
[Site "Calle Maestra 3 (Palacio de Cultura) - Jaén, Spain"]
[Date "2023.12.16"]
[Round "2.2"]
[White "Castillo Gallego, Sergio"]
[Black "Hernandez Hurtado, Jose Carlos"]
[Result "1-0"]
[TimeControl "10´ + 5\""]
[WhiteFideId "2202034"]
[BlackFideId "32096305"]
[WhiteElo "2100"]
[BlackElo "1568"]

1. e4 {[%clk 00:10:01]} {[%emt 00:00:07]} c5 {[%clk 00:10:08]} {[%emt
00:00:03]} 2. Nf3 {[%clk 00:10:04]} {[%emt 00:00:02]} Nc6 {[%clk 00:10:11]}
{[%emt 00:00:02]} 3. d4 {[%clk 00:10:04]} {[%emt 00:00:06]} cxd4 {[%clk
00:10:15]} {[%emt 00:00:02]} 4. Nxd4 {[%clk 00:10:07]} {[%emt 00:00:01]} g6
{[%clk 00:10:18]} {[%emt 00:00:02]} 5. Nc3 {[%clk 00:10:09]} {[%emt 00:00:03]}
Bg7 {[%clk 00:10:22]} {[%emt 00:00:02]} 6. Be3 {[%clk 00:10:12]} {[%emt
00:00:01]} d6 {[%clk 00:10:22]} {[%emt 00:00:05]} 7. Qd2 {[%clk 00:09:54]}
{[%emt 00:00:22]} Bd7 {[%clk 00:10:24]} {[%emt 00:00:03]} 8. O-O-O {[%clk
00:09:27]} {[%emt 00:00:32]} Nf6 {[%clk 00:10:24]} {[%emt 00:00:06]} 9. f3
{[%clk 00:09:28]} {[%emt 00:00:04]} Rc8 {[%clk 00:10:24]} {[%emt 00:00:05]} 10.
Kb1 {[%clk 00:09:26]} {[%emt 00:00:06]} Ne5 {[%clk 00:10:27]} {[%emt 00:00:03]}
11. g4 {[%clk 00:09:17]} {[%emt 00:00:14]} h5 {[%clk 00:10:18]} {[%emt
00:00:14]} 12. g5 {[%clk 00:09:08]} {[%emt 00:00:14]} Nh7 {[%clk 00:10:17]}
{[%emt 00:00:06]} 13. f4 {[%clk 00:08:35]} {[%emt 00:00:38]} Ng4 {[%clk
00:09:45]} {[%emt 00:00:38]} 14. Bg1 {[%clk 00:08:27]} {[%emt 00:00:12]} e5
{[%clk 00:08:55]} {[%emt 00:00:56]} 15. Ndb5 {[%clk 00:08:00]} {[%emt
00:00:32]} O-O {[%clk 00:07:28]} {[%emt 00:01:31]} 16. Nxd6 {[%clk 00:07:43]}
{[%emt 00:00:22]} Rb8 {[%clk 00:06:54]} {[%emt 00:00:39]} 17. h3 {[%clk
00:07:33]} {[%emt 00:00:16]} exf4 {[%clk 00:06:54]} {[%emt 00:00:06]} 18. hxg4
{[%clk 00:07:19]} {[%emt 00:00:19]} Bxg4 {[%clk 00:06:56]} {[%emt 00:00:04]} 19.
Be2 {[%clk 00:04:55]} {[%emt 00:02:29]} f3 {[%clk 00:06:50]} {[%emt 00:00:10]}
20. Bc4 {[%clk 00:04:57]} {[%emt 00:00:03]} Nxg5 {[%clk 00:05:33]} {[%emt
00:01:22]} 21. Be3 {[%clk 00:03:41]} {[%emt 00:01:20]} Bf6 {[%clk 00:03:49]}
{[%emt 00:01:50]} 22. Nd5 {[%clk 00:02:15]} {[%emt 00:01:31]} Qxd6 {[%clk
00:03:28]} {[%emt 00:00:26]} 23. Bxg5 {[%clk 00:02:08]} {[%emt 00:00:11]} Bxg5
{[%clk 00:03:05]} {[%emt 00:00:28]} 24. Qxg5 {[%clk 00:02:11]} {[%emt
00:00:02]} Kg7 {[%clk 00:02:49]} {[%emt 00:00:21]} 25. Nf4 {[%clk 00:01:57]}
{[%emt 00:00:19]} Qb4 {[%clk 00:02:23]} {[%emt 00:00:32]} 26. Nxh5+ {[%clk
00:01:58]} {[%emt 00:00:03]} Bxh5 {[%clk 00:02:27]} {[%emt 00:00:02]} 27. Rxh5
{[%clk 00:01:53]} {[%emt 00:00:10]} Qxc4 {[%clk 00:02:27]} {[%emt 00:00:05]} 28.
Qh6+ {[%clk 00:01:45]} {[%emt 00:00:13]} Kf6 {[%clk 00:02:29]} {[%emt
00:00:03]} 29. Qf4+ {[%clk 00:01:31]} {[%emt 00:00:19]} Kg7 {[%clk 00:02:21]}
{[%emt 00:00:13]} 30. Rdh1 {[%clk 00:00:38]} {[%emt 00:00:58]} Rh8 {[%clk
00:02:18]} {[%emt 00:00:08]} 31. Qe5+ {[%clk 00:00:37]} {[%emt 00:00:06]} f6
{[%clk 00:02:22]} {[%emt 00:00:01]} 32. Qe7+ {[%clk 00:00:26]} {[%emt
00:00:17]} Qf7 {[%clk 00:02:11]} {[%emt 00:00:15]} 33. Rh7+ {[%clk 00:00:29]}
Rxh7 {[%clk 00:02:10]} {[%emt 00:00:06]} 34. Rxh7+ {[%clk 00:00:33]} {[%emt
00:00:02]} Kxh7 {[%clk 00:02:12]} {[%emt 00:00:03]} 35. Qxf7+ {[%clk 00:00:37]}
Kh6 {[%clk 00:02:13]} {[%emt 00:00:05]} 36. Qxf6 {[%clk 00:00:39]} {[%emt
00:00:02]} 1-0

[Event "Torneo de Navidad Base y Senior - Casino Primitivo"]
[Site "Calle Maestra 3 (Palacio de Cultura) - Jaén, Spain"]
[Date "2023.12.16"]
[Round "2.3"]
[White "Cabecerans Cabecerans, Enrique"]
[Black "Rodriguez Reinoso, Victoriano"]
[Result "1-0"]
[TimeControl "10´ + 5\""]
[WhiteFideId "54514207"]
[BlackFideId "2202425"]
[WhiteElo "1553"]
[BlackElo "2069"]

1. e4 {[%clk 00:10:05]} {[%emt 00:00:05]} c5 {[%clk 00:10:09]} {[%emt
00:00:02]} 2. Nc3 {[%clk 00:10:08]} {[%emt 00:00:02]} e6 {[%clk 00:10:10]}
{[%emt 00:00:03]} 3. g3 {[%clk 00:10:09]} {[%emt 00:00:04]} Nc6 {[%clk
00:10:11]} {[%emt 00:00:04]} 4. Bg2 {[%clk 00:10:12]} {[%emt 00:00:02]} g6
{[%clk 00:10:12]} {[%emt 00:00:03]} 5. d3 {[%clk 00:10:16]} {[%emt 00:00:02]}
Bg7 {[%clk 00:10:14]} {[%emt 00:00:02]} 6. Nge2 {[%clk 00:10:19]} {[%emt
00:00:03]} Nge7 {[%clk 00:10:14]} {[%emt 00:00:04]} 7. O-O {[%clk 00:10:21]}
{[%emt 00:00:03]} O-O {[%clk 00:10:15]} {[%emt 00:00:04]} 8. Bg5 {[%clk
00:10:23]} {[%emt 00:00:03]} h6 {[%clk 00:10:13]} {[%emt 00:00:07]} 9. Be3
{[%clk 00:10:26]} {[%emt 00:00:02]} b6 {[%clk 00:10:11]} {[%emt 00:00:07]} 10.
Qd2 {[%clk 00:10:29]} {[%emt 00:00:02]} Kh7 {[%clk 00:10:13]} {[%emt 00:00:03]}
11. f4 {[%clk 00:10:06]} {[%emt 00:00:29]} d5 {[%clk 00:09:55]} {[%emt
00:00:21]} 12. exd5 {[%clk 00:09:52]} {[%emt 00:00:20]} exd5 {[%clk 00:09:52]}
{[%emt 00:00:08]} 13. Bf2 {[%clk 00:09:52]} {[%emt 00:00:05]} Be6 {[%clk
00:09:03]} {[%emt 00:00:53]} 14. d4 {[%clk 00:08:46]} {[%emt 00:01:13]} c4
{[%clk 00:08:51]} {[%emt 00:00:17]} 15. Nd1 {[%clk 00:08:35]} {[%emt 00:00:15]}
Qd7 {[%clk 00:08:26]} {[%emt 00:00:30]} 16. c3 {[%clk 00:08:31]} {[%emt
00:00:10]} Bh3 {[%clk 00:07:31]} {[%emt 00:00:59]} 17. Ne3 {[%clk 00:08:33]}
{[%emt 00:00:03]} Bxg2 {[%clk 00:07:23]} {[%emt 00:00:13]} 18. Kxg2 {[%clk
00:08:18]} {[%emt 00:00:21]} Rfe8 {[%clk 00:07:14]} {[%emt 00:00:13]} 19. Ng1
{[%clk 00:08:21]} {[%emt 00:00:03]} Nf5 {[%clk 00:06:05]} {[%emt 00:01:14]} 20.
Nxf5 {[%clk 00:08:15]} {[%emt 00:00:12]} Qxf5 {[%clk 00:06:08]} {[%emt
00:00:02]} 21. Rfe1 {[%clk 00:07:47]} {[%emt 00:00:33]} b5 {[%clk 00:04:34]}
{[%emt 00:01:39]} 22. Nf3 {[%clk 00:07:31]} {[%emt 00:00:19]} f6 {[%clk
00:04:26]} {[%emt 00:00:13]} 23. Nh4 {[%clk 00:06:52]} {[%emt 00:00:45]} Qd7
{[%clk 00:04:19]} {[%emt 00:00:12]} 24. Qc2 {[%clk 00:06:31]} {[%emt 00:00:26]}
f5 {[%clk 00:04:20]} {[%emt 00:00:04]} 25. Nf3 {[%clk 00:06:34]} {[%emt
00:00:02]} Re4 {[%clk 00:04:19]} {[%emt 00:00:05]} 26. Ne5 {[%clk 00:06:25]}
{[%emt 00:00:14]} Bxe5 {[%clk 00:03:29]} {[%emt 00:00:55]} 27. fxe5 {[%clk
00:06:28]} {[%emt 00:00:02]} a5 {[%clk 00:03:23]} {[%emt 00:00:11]} 28. a3
{[%clk 00:05:05]} {[%emt 00:01:29]} Nd8 {[%clk 00:02:56]} {[%emt 00:00:30]} 29.
Rxe4 {[%clk 00:03:47]} {[%emt 00:01:24]} dxe4 {[%clk 00:02:47]} {[%emt
00:00:14]} 30. Rd1 {[%clk 00:03:35]} {[%emt 00:00:18]} Qd5 {[%clk 00:02:50]}
{[%emt 00:00:02]} 31. Be3 {[%clk 00:03:35]} {[%emt 00:00:05]} Ne6 {[%clk
00:02:52]} {[%emt 00:00:03]} 32. Rf1 {[%clk 00:03:32]} {[%emt 00:00:08]} Rf8
{[%clk 00:02:42]} {[%emt 00:00:14]} 33. h4 {[%clk 00:03:32]} {[%emt 00:00:05]}
Kg7 {[%clk 00:01:04]} {[%emt 00:01:42]} 34. Qd2 {[%clk 00:03:35]} {[%emt
00:00:03]} Rh8 {[%clk 00:00:53]} {[%emt 00:00:15]} 35. Qc1 {[%clk 00:02:31]}
{[%emt 00:01:10]} g5 {[%clk 00:00:31]} {[%emt 00:00:26]} 36. Rxf5 {[%clk
00:02:09]} {[%emt 00:00:29]} b4 {[%clk 00:00:15]} {[%emt 00:00:21]} 37. axb4
{[%clk 00:02:11]} {[%emt 00:00:02]} axb4 {[%clk 00:00:18]} {[%emt 00:00:01]} 38.
Qf1 {[%clk 00:02:15]} {[%emt 00:00:01]} Qd7 {[%emt 00:00:21]} 39. Rf6 {[%emt
00:00:13]} bxc3 {[%emt 00:00:10]} 40. bxc3 {[%emt 00:00:02]} Qd5 {[%emt
00:01:24]} 41. Qd1 {[%emt 00:00:15]} 1-0

[Event "Torneo de Navidad Base y Senior - Casino Primitivo"]
[Site "Calle Maestra 3 (Palacio de Cultura) - Jaén, Spain"]
[Date "2023.12.16"]
[Round "2.4"]
[White "Ortega Carrascosa, Cristobal"]
[Black "Cobo Montejo, Miguel Angel"]
[Result "0-1"]
[TimeControl "10´ + 5\""]
[WhiteFideId "32041560"]
[BlackFideId "2276100"]
[WhiteElo "1483"]
[BlackElo "2015"]

1. d4 {[%clk 00:10:03]} {[%emt 00:00:06]} Nf6 {[%clk 00:10:04]} {[%emt
00:00:08]} 2. c4 {[%clk 00:09:55]} {[%emt 00:00:13]} e6 {[%clk 00:10:03]}
{[%emt 00:00:06]} 3. Nf3 {[%clk 00:09:49]} {[%emt 00:00:10]} b6 {[%clk
00:09:53]} {[%emt 00:00:16]} 4. Bg5 {[%clk 00:09:40]} {[%emt 00:00:14]} Bb7
{[%clk 00:09:54]} {[%emt 00:00:04]} 5. Nbd2 {[%clk 00:09:32]} {[%emt 00:00:12]}
h6 {[%clk 00:09:50]} {[%emt 00:00:10]} 6. Be3 {[%clk 00:09:09]} {[%emt
00:00:26]} d6 {[%clk 00:09:09]} {[%emt 00:00:48]} 7. g3 {[%clk 00:09:05]}
{[%emt 00:00:08]} Ng4 {[%clk 00:08:58]} {[%emt 00:00:17]} 8. Qb3 {[%clk
00:08:45]} {[%emt 00:00:25]} Be7 {[%clk 00:08:30]} {[%emt 00:00:33]} 9. Bg2
{[%clk 00:08:42]} {[%emt 00:00:05]} Nxe3 {[%clk 00:08:17]} {[%emt 00:00:20]} 10.
Qxe3 {[%clk 00:08:41]} {[%emt 00:00:06]} O-O {[%clk 00:08:09]} {[%emt
00:00:14]} 11. O-O {[%clk 00:08:27]} {[%emt 00:00:18]} c5 {[%clk 00:07:33]}
{[%emt 00:00:41]} 12. b3 {[%clk 00:08:18]} {[%emt 00:00:14]} Qc7 {[%clk
00:07:14]} {[%emt 00:00:24]} 13. dxc5 {[%clk 00:08:08]} {[%emt 00:00:15]} dxc5
{[%clk 00:07:09]} {[%emt 00:00:10]} 14. Rad1 {[%clk 00:08:01]} {[%emt
00:00:10]} Nc6 {[%clk 00:07:03]} {[%emt 00:00:12]} 15. Ne4 {[%clk 00:07:55]}
{[%emt 00:00:10]} Rad8 {[%clk 00:06:58]} {[%emt 00:00:11]} 16. Rd3 {[%clk
00:07:38]} {[%emt 00:00:21]} Nb4 {[%clk 00:06:48]} {[%emt 00:00:16]} 17. Rxd8
{[%clk 00:07:20]} {[%emt 00:00:22]} Rxd8 {[%clk 00:06:51]} {[%emt 00:00:02]} 18.
a3 {[%clk 00:07:22]} {[%emt 00:00:02]} Nc2 {[%clk 00:06:46]} {[%emt 00:00:10]}
19. Qc3 {[%clk 00:05:57]} {[%emt 00:01:29]} Bxe4 {[%clk 00:06:42]} {[%emt
00:00:12]} 20. Nd2 {[%clk 00:05:44]} {[%emt 00:00:16]} Bxg2 {[%clk 00:06:36]}
{[%emt 00:00:13]} 21. Kxg2 {[%clk 00:05:47]} {[%emt 00:00:02]} Qc6+ {[%clk
00:06:33]} {[%emt 00:00:08]} 22. f3 {[%clk 00:05:42]} {[%emt 00:00:08]} Nd4
{[%clk 00:06:28]} {[%emt 00:00:11]} 23. e3 {[%clk 00:04:47]} {[%emt 00:01:01]}
Nf5 {[%clk 00:06:29]} {[%emt 00:00:05]} 24. g4 {[%clk 00:04:44]} {[%emt
00:00:07]} Bf6 {[%clk 00:06:30]} {[%emt 00:00:04]} 25. Qxf6 {[%clk 00:04:11]}
{[%emt 00:00:37]} Rxd2+ {[%clk 00:06:20]} {[%emt 00:00:16]} 26. Kh3 {[%clk
00:04:09]} {[%emt 00:00:06]} gxf6 {[%clk 00:06:18]} {[%emt 00:00:08]} 27. gxf5
{[%clk 00:04:12]} {[%emt 00:00:02]} Qd6 {[%clk 00:06:12]} {[%emt 00:00:11]} 28.
Rg1+ {[%clk 00:04:09]} {[%emt 00:00:08]} Kh7 {[%clk 00:06:16]} {[%emt
00:00:02]} 29. f4 {[%clk 00:04:10]} {[%emt 00:00:03]} Re2 {[%clk 00:06:11]}
{[%emt 00:00:10]} 30. Rg3 {[%clk 00:04:13]} {[%emt 00:00:02]} Qd2 {[%emt
00:00:29]} 0-1

[Event "Torneo de Navidad Base y Senior - Casino Primitivo"]
[Site "Calle Maestra 3 (Palacio de Cultura) - Jaén, Spain"]
[Date "2023.12.16"]
[Round "2.6"]
[White "Lirio Palomino, Javier"]
[Black "Barruz Serrano, Antonio Angel"]
[Result "0-1"]
[TimeControl "10´ + 5\""]
[WhiteFideId "54766338"]
[BlackFideId "2287994"]
[WhiteElo "1385"]
[BlackElo "1895"]

1. e4 {[%clk 00:10:00]} {[%emt 00:00:10]} c5 {[%clk 00:09:53]} {[%emt
00:00:17]} 2. Nc3 {[%clk 00:10:03]} {[%emt 00:00:02]} Nc6 {[%clk 00:09:53]}
{[%emt 00:00:04]} 3. g3 {[%clk 00:10:03]} {[%emt 00:00:04]} g6 {[%clk
00:09:52]} {[%emt 00:00:06]} 4. Bg2 {[%clk 00:10:06]} {[%emt 00:00:02]} Bg7
{[%clk 00:09:56]} {[%emt 00:00:01]} 5. Nge2 {[%clk 00:10:10]} {[%emt 00:00:02]}
Nf6 {[%clk 00:09:51]} {[%emt 00:00:10]} 6. O-O {[%clk 00:10:09]} {[%emt
00:00:07]} O-O {[%clk 00:09:53]} {[%emt 00:00:03]} 7. f4 {[%clk 00:09:55]}
{[%emt 00:00:19]} d6 {[%clk 00:09:36]} {[%emt 00:00:22]} 8. d3 {[%clk
00:09:55]} {[%emt 00:00:05]} Rb8 {[%clk 00:09:06]} {[%emt 00:00:35]} 9. a4
{[%clk 00:09:34]} {[%emt 00:00:26]} Bg4 {[%clk 00:08:48]} {[%emt 00:00:23]} 10.
h3 {[%clk 00:09:26]} {[%emt 00:00:13]} Bxe2 {[%clk 00:08:28]} {[%emt 00:00:26]}
11. Qxe2 {[%clk 00:09:28]} {[%emt 00:00:02]} Nd4 {[%clk 00:08:28]} {[%emt
00:00:04]} 12. Qf2 {[%clk 00:09:16]} {[%emt 00:00:15]} a6 {[%clk 00:08:21]}
{[%emt 00:00:15]} 13. Be3 {[%clk 00:09:10]} {[%emt 00:00:10]} Ne8 {[%clk
00:08:19]} {[%emt 00:00:07]} 14. Rab1 {[%clk 00:08:05]} {[%emt 00:01:10]} Nc7
{[%clk 00:07:31]} {[%emt 00:00:53]} 15. Qd2 {[%clk 00:06:41]} {[%emt 00:01:30]}
b5 {[%clk 00:07:21]} {[%emt 00:00:15]} 16. axb5 {[%emt 00:00:11]} axb5 {[%clk
00:07:13]} {[%emt 00:00:09]} 17. Ne2 {[%clk 00:06:39]} {[%emt 00:00:05]} Nce6
{[%clk 00:07:11]} {[%emt 00:00:07]} 18. b3 {[%clk 00:05:50]} {[%emt 00:00:54]}
b4 {[%clk 00:06:11]} {[%emt 00:01:06]} 19. Nxd4 {[%clk 00:04:43]} {[%emt
00:01:11]} Bxd4 {[%clk 00:05:44]} {[%emt 00:00:32]} 20. Bxd4 {[%clk 00:04:00]}
{[%emt 00:00:49]} Nxd4 {[%clk 00:05:47]} {[%emt 00:00:02]} 21. f5 {[%clk
00:03:43]} {[%emt 00:00:22]} Ra8 {[%clk 00:05:24]} {[%emt 00:00:28]} 22. e5
{[%clk 00:02:39]} {[%emt 00:01:09]} Ra2 {[%clk 00:05:27]} {[%emt 00:00:03]} 23.
f6 {[%clk 00:02:37]} {[%emt 00:00:06]} Kh8 {[%clk 00:05:05]} {[%emt 00:00:26]}
24. Rbc1 {[%clk 00:01:04]} {[%emt 00:01:38]} dxe5 {[%clk 00:04:47]} {[%emt
00:00:24]} 25. Qg5 {[%clk 00:00:43]} {[%emt 00:00:25]} exf6 {[%clk 00:04:48]}
{[%emt 00:00:05]} 26. Rxf6 {[%clk 00:00:41]} {[%emt 00:00:06]} Ne2+ {[%clk
00:04:38]} {[%emt 00:00:15]} 27. Kh2 {[%clk 00:00:36]} {[%emt 00:00:10]} Nxc1
{[%clk 00:04:40]} {[%emt 00:00:03]} 28. Qxe5 {[%clk 00:00:38]} {[%emt
00:00:03]} Kg8 {[%clk 00:04:35]} {[%emt 00:00:09]} 29. Rf2 {[%clk 00:00:24]}
{[%emt 00:00:20]} Nxd3 {[%clk 00:04:32]} {[%emt 00:00:08]} 0-1

[Event "Torneo de Navidad Base y Senior - Casino Primitivo"]
[Site "Calle Maestra 3 (Palacio de Cultura) - Jaén, Spain"]
[Date "2023.12.16"]
[Round "2.7"]
[White "Cano Padilla, Ruben Jesus"]
[Black "Barruz Ramirez, Antonio Angel"]
[Result "1-0"]
[WhiteElo "1850"]
[BlackElo "1364"]
[PlyCount "101"]
[EventDate "2023.??.??"]

1. e4 {[%emt 0:00:03]} c5 {[%emt 0:00:04]} 2. Nf3 {[%emt 0:00:02]} Nc6 {[%emt 0:00:01]} 3. d4 {[%emt 0:00:02]} cxd4 {[%emt 0:00:02]} 4. Nxd4 {[%emt 0:00:02]} e5 {[%emt 0:00:01]} 5. Nb5 {[%emt 0:00:03]} d6 {[%emt 0:00:02]} 6. N1c3 {[%emt 0:00:03]} a6 {[%emt 0:00:05]} 7. Na3 {[%emt 0:00:02]} Be7 {[%emt 0:00:17]} 8. Be2 {[%emt 0:01:02]} Nf6 {[%emt 0:00:14]} 9. Bg5 {[%emt 0:00:10]} O-O {[%emt 0:00:08]} 10. Bxf6 {[%emt 0:00:59]} Bxf6 {[%emt 0:00:07]} 11. Nd5 {[%emt 0:00:07]} Be6 {[%emt 0:00:45]} 12. O-O {[%emt 0:00:09]} Rc8 {[%emt 0:01:10]} 13. c3 {[%emt 0:00:10]} b5 {[%emt 0:01:24]} 14. Nc2 {[%emt 0:00:06]} Bg5 {[%emt 0:00:35]} 15. a4 {[%emt 0:00:13]} bxa4 {[%emt 0:02:27]} 16. Rxa4 {[%emt 0:00:12]} a5 {[%emt 0:00:25]} 17. Nce3 {[%emt 0:01:44]} f5 {[%emt 0:00:44]} 18. Nxf5 {[%emt 0:01:14]} Bxf5 {[%emt 0:00:38]} 19. exf5 {[%emt 0:00:02]} Rb8 {[%emt 0:00:04]} 20. Ne3 {[%emt 0:00:54]} Rxb2 {[%emt 0:00:28]} 21. Nc4 {[%emt 0:00:35]} Rxe2 {[%emt 0:00:56]} 22. Qxe2 {[%emt 0:00:07]} Rxf5 {[%emt 0:00:12]} 23. Qa2 {[%emt 0:00:27]} Kh8 {[%emt 0:00:36]} 24. Nxa5 {[%emt 0:00:03]} Nxa5 {[%emt 0:00:06]} 25. Rxa5 {[%emt 0:00:02]} Rf8 {[%emt 0:00:25]} 26. Ra1 {[%emt 0:00:02]} Qf6 {[%emt 0:00:06]} 27. Ra8 {[%emt 0:00:11]} h6 {[%emt 0:00:04]} 28. Rxf8+ {[%emt 0:00:02]} Qxf8 {[%emt 0:00:01]} 29. Qa8 {[%emt 0:00:01]} Kg8 {[%emt 0:00:11]} 30. Qxf8+ {[%emt 0:00:02]} Kxf8 31. c4 {[%emt 0:00:03]} Ke7 {[%emt 0:00:04]} 32. Ra7+ {[%emt 0:00:10]} Kf6 {[%emt 0:00:01]} 33. Kf1 {[%emt 0:00:22]} g6 {[%emt 0:00:08]} 34. Ke2 {[%emt 0:00:06]} Kf5 {[%emt 0:00:17]} 35. Ra6 {[%emt 0:00:06]} Be7 {[%emt 0:00:03]} 36. f3 {[%emt 0:00:08]} h5 {[%emt 0:00:02]} 37. Kd3 {[%emt 0:00:11]} g5 {[%emt 0:00:04]} 38. Ra7 {[%emt 0:00:11]} Bf6 {[%emt 0:00:02]} 39. Rd7 {[%emt 0:00:08]} Ke6 {[%emt 0:00:02]} 40. Rh7 {[%emt 0:00:01]} h4 {[%emt 0:00:03]} 41. Ke4 {[%emt 0:00:05]} Be7 {[%emt 0:00:08]} 42. Rxe7+ {[%emt 0:00:38]} Kxe7 {[%emt 0:00:02]} 43. Kf5 {[%emt 0:00:01]} Kd7 {[%emt 0:00:18]} 44. Kxg5 {[%emt 0:00:06]} Kc6 45. g4 {[%emt 0:00:46]} hxg3 {[%emt 0:00:02]} 46. hxg3 {[%emt 0:00:01]} Kc5 47. Kf5 {[%emt 0:00:02]} Kxc4 48. g4 d5 49. g5 d4 50. g6 {[%emt 0:00:03]} d3 51. g7 {[%emt 0:00:01]} 1-0

[Event "Torneo de Navidad Base y Senior - Casino Primitivo"]
[Site "Calle Maestra 3 (Palacio de Cultura) - Jaén, Spain"]
[Date "2023.12.16"]
[Round "3.1"]
[White "Alvarez Fernandez, Carlos Rene"]
[Black "Prieto Melendrez, Gustavo"]
[Result "*"]
[TimeControl "10´ + 5\""]
[WhiteFideId "3501507"]
[BlackFideId "32048041"]
[WhiteElo "2298"]
[BlackElo "1697"]

1. d4 {[%clk 00:10:06]} {[%emt 00:00:04]} d5 {[%clk 00:10:08]} {[%emt
00:00:02]} 2. c4 {[%clk 00:10:07]} {[%emt 00:00:05]} c6 {[%clk 00:10:12]}
{[%emt 00:00:01]} 3. Nf3 {[%clk 00:10:00]} {[%emt 00:00:11]} Nf6 {[%clk
00:10:15]} {[%emt 00:00:02]} 4. e3 {[%clk 00:10:03]} {[%emt 00:00:03]} Bf5
{[%clk 00:10:04]} {[%emt 00:00:16]} 5. Nc3 {[%clk 00:09:59]} {[%emt 00:00:09]}
e6 {[%clk 00:10:07]} {[%emt 00:00:02]} 6. Nh4 {[%clk 00:09:58]} {[%emt
00:00:06]} Bg6 {[%clk 00:09:01]} {[%emt 00:01:10]} 7. Nxg6 {[%clk 00:10:01]}
{[%emt 00:00:03]} hxg6 {[%clk 00:09:05]} {[%emt 00:00:02]} 8. Bd2 {[%clk
00:10:05]} Bd6 {[%clk 00:08:55]} {[%emt 00:00:15]} 9. g3 {[%clk 00:10:07]}
{[%emt 00:00:03]} Nbd7 {[%clk 00:07:51]} {[%emt 00:01:10]} 10. c5 {[%clk
00:09:54]} {[%emt 00:00:18]} Bc7 {[%clk 00:07:49]} {[%emt 00:00:06]} 11. f4
{[%clk 00:09:57]} {[%emt 00:00:03]} b5 {[%clk 00:06:53]} {[%emt 00:01:01]} 12.
Bd3 {[%clk 00:09:39]} {[%emt 00:00:23]} a5 {[%clk 00:06:32]} {[%emt 00:00:26]}
13. Qf3 {[%clk 00:09:17]} {[%emt 00:00:27]} b4 {[%clk 00:05:51]} {[%emt
00:00:47]} 14. Ne2 {[%clk 00:08:47]} {[%emt 00:00:35]} Qe7 {[%clk 00:05:12]}
{[%emt 00:00:44]} 15. h4 {[%clk 00:08:24]} {[%emt 00:00:28]} Nxc5 {[%clk
00:02:02]} {[%emt 00:03:15]} 16. dxc5 {[%clk 00:08:20]} {[%emt 00:00:09]} Qxc5
{[%clk 00:02:05]} {[%emt 00:00:01]} 17. Rc1 {[%clk 00:08:12]} {[%emt 00:00:13]}
Qd6 {[%clk 00:02:09]} 18. Nd4 {[%clk 00:08:08]} {[%emt 00:00:10]} c5 {[%clk
00:01:38]} {[%emt 00:00:36]} 19. Nb5 {[%clk 00:08:07]} {[%emt 00:00:06]} Qe7
{[%clk 00:01:41]} {[%emt 00:00:03]} 20. Nxc7+ {[%clk 00:07:45]} {[%emt
00:00:26]} Qxc7 {[%emt 00:00:04]} 21. Bb5+ {[%clk 00:07:34]} {[%emt 00:00:13]}
Ke7 {[%clk 00:01:36]} {[%emt 00:00:13]} 22. Bd3 {[%clk 00:07:13]} {[%emt
00:00:26]} c4 {[%clk 00:01:20]} {[%emt 00:00:21]} 23. O-O {[%clk 00:06:56]}
{[%emt 00:00:22]} Qd6 {[%clk 00:01:14]} {[%emt 00:00:11]} 24. Bb1 {[%clk
00:06:56]} {[%emt 00:00:06]} Rac8 {[%clk 00:01:00]} {[%emt 00:00:19]} 25. Rfd1
{[%clk 00:06:54]} {[%emt 00:00:07]} Qb6 {[%clk 00:00:57]} {[%emt 00:00:08]} 26.
Kg2 {[%clk 00:06:50]} {[%emt 00:00:08]} Rhd8 {[%clk 00:00:43]} {[%emt
00:00:19]} 27. a3 {[%clk 00:06:45]} {[%emt 00:00:10]} Nd7 {[%clk 00:00:41]}
{[%emt 00:00:07]} 28. axb4 {[%clk 00:06:43]} {[%emt 00:00:07]} axb4 {[%clk
00:00:44]} {[%emt 00:00:02]} 29. h5 {[%clk 00:05:42]} {[%emt 00:01:05]} gxh5
{[%emt 00:00:12]} 30. Qxh5 {[%clk 00:05:44]} {[%emt 00:00:02]} Nf6 {[%clk
00:00:42]} {[%emt 00:00:02]} 31. Qf3 {[%clk 00:05:40]} {[%emt 00:00:09]} d4
{[%clk 00:00:14]} {[%emt 00:00:33]} 32. exd4 {[%clk 00:05:34]} {[%emt
00:00:11]} Rxd4 {[%clk 00:00:17]} {[%emt 00:00:02]} 33. Be3 {[%clk 00:05:15]}
{[%emt 00:00:24]} *